| 000 | 00440cam a2200169 a 4500 | ||
|---|---|---|---|
| 020 | _a080481791X : | ||
| 040 | _cDLC | ||
| 082 | 0 | 0 | _a641 C.E.T 1992 A054 Or. |
| 100 | 1 | _aSolomon, Charmaine. | |
| 245 | 1 | 4 | _aThe complete Asian cookbook / |
| 250 | _aNew rev. ed. | ||
| 260 |
_aRutland, Vt. : _bC.E. Tuttle Co., _c1992. |
||
| 300 |
_a511 p. : _bcol. ill. ; _c29 cm. |
||
| 500 | _aIncludes index. | ||
| 650 | 0 | _aCooking, Asian. | |
| 942 | _cEK | ||
| 999 |
_c15181 _d15181 |
||